000
00306nam a22001337a 4500
020
_a
0-7497-1182-5
082
_a
823
_b
BLY/F
100
_a
ENID BLYTON
245
_a
FIVE MINUTE TALES
260
_a
LONDON
_b
METHUEN & CO
_c
1933
300
_a
170
650
_a
CHILDREN'S STORY BOOK
_z
UNITED KINGDOM
942
_c
BK
999
_c
196
_d
196